Quizzes
Events
Quiz Creation
Community
Videos
Private Events
Remove Ads
Sign In
Join for FREE
Feedback
Dark Mode
Quiz Categories
Sports
Geography
Music
Movies
Television
Just For Fun
Miscellaneous
History
Literature
Language
Science
Gaming
Entertainment
Religion
Holiday
For Kids
Quiz Lab
Recent
Popular Today
Quiz Kudos Today
Editor Picks
Curator Picks
Quizzes by...
Day
Popularity
Type
Ratings
Length
Year
Community
Subscriptions
Recent Discussions
Orange Saloon
Badges
Playlists
Quests
Create
Leaderboards
Showdown
Live 5
Trivia Bingo
Activity
Puzzle Library
Sporcle Events
Private Events
Virtual Trivia
Globe League
Become a Host
Pub Owners
SporcleCon
Opinionation
Our Games
Videos
Blog
Mobile Apps
Partnerships
Remove Ads and Go Orange
Feedback
Television
TV Characters
TV Show
Sitcom
Network
Friends
Reality Shows
Cast
South Park
Star Trek
The Simpsons
Doctor Who
Television
TV Characters
TV Show
Sitcom
Network
Friends
Reality Shows
Cast
South Park
Star Trek
The Simpsons
Doctor Who
Random Quiz
Search Sporcle
×
Quiz Lab
Quiz Lab
Television
Dead Characters
Type in answers that appear in a list
Type in answers that appear in a list
Classic
Best Score? Go Orange.
The Walking Dead Characters Stats
Can you name the AMC The Walking Dead Characters?
By
rigbone19
7m
30 Questions
553 Plays
553 Plays
553 Plays
Comments
Comments
Give Quiz Kudos
Give Quiz Kudos
-
- Ratings
hide this ad
Random Order
Randomize order of answers
Randomize order of answers
Replay
Link that replays current quiz
Next Quiz
Link to next quiz in quiz playlist
You Got
0%
They Got
Avg Score
86%
Avg Friend Score
Upgrade to see
Score Distribution
Jump to the score distribution portion of the page
Score
0/30
Timer
07:00
0
Plays Today
Hint
Answer
% Correct
MAin Characters Best Friend
Shane
94.6%
Main Character
Rick
94.2%
MAin Characters son
Carl
94%
Crossbow
Daryl
93.5%
One Leg
Hershel
92.9%
Former Pizza Boy
Glenn
92.8%
Sophia's Mom
Carol
92.6%
One Leg's Daughter
Maggie
91.8%
One Legs other daughter
Beth
91.7%
Little Girl that gets lost
Sophia
91.7%
Old guy who always wears the same hat
Dale
91.7%
Samurai Sword
Michonne
91.1%
Sophias Dad
Ed
91.1%
Drops Key in drain
T-Dog
89.9%
Main Characters Daughter
Judith
89.7%
Hint
Answer
% Correct
One Hand
Merle
89.3%
Tyrese's Sister
Sasha
88.8%
Andreas Sister
Amy
88.8%
Duanes Dad
Morgan
88.6%
One Eye
The Governor
87.5%
Gets Killed By Milton
Andrea
86.4%
Gets tied to tree
Jim
86.4%
Woodbury Members Studies Walkers
Milton
83.7%
Stays at CDC
Jacqui
79.5%
Beth's Boyfriend
Jimmy
76.8%
Gets Killed by Shane
Otis
75.5%
Hits Rick with shovel
Duane
75.4%
Doctor from CDC
Jenner
73.7%
Leaves with family in season one
Morales
73.7%
HAmmer
Tyrese
49.8%
Quiz Playlist
Details
Report
Send in Message
Add To Playlist
Classic:
Type in answers that appear in a list
Random Order:
Randomize order of answers
Last Updated: Feb 16, 2017
Quiz Scoreboard
CHALLENGE
Sign Up to Join the Scoreboard
Show All
Scores
Hide
Comments
May contain spoilers
Recently Published
College Basketball Coaching Resumes
by pancakes188
Sports
9m
Billboard Blitz: Fleetwood Mac
by CooCooCachoo
Music
15s
Presidents Visiting Landmarks
by Hejman
History
7m
More to Explore
Quiz From the Vault
Featured Blog Post
Where Did the Easter Bunny Come From?
hide this ad
You Might Also Like...
Tags
amc
Character
Dead Characters
The Walking Dead
Walking
Today's Top Quizzes in Television
Browse Television
hide this ad
Today's Top Quizzes in Dead Characters
Browse Dead Characters
Top Contributed Quizzes in Television
1
5-to-1: The Simpsons Families
2
5-to-1: Television Doctors
3
7-to-1: TV Show Settings
4
5-to-1: Streaming Originals
5
One Piece Logic Puzzle
6
Survivor Seasons
7
Survivor Logic Puzzle: Heroes vs. Villains
8
All US Survivor Seasons in Order
9
TV Shows by First Names
10
Survivor Season by Logo
Explore More
Trending Topics
Crossword
NBA
Marvel
Harry Potter
Kpop
Disney
Anime
Song
Soccer
NFL
Country
Puzzle
The Office
Pokémon
WWE
hide this ad
More By:
rigbone19
Quiz
Plays
Rating
Category
Featured
Created
The Walking Dead Characters
553
3.00
Television
Jul 24, 2013
Go to Creator's Profile
Score Distribution
Quiz Creator Spotlight
rigbone19
Follow
Send a Message
Quizzes Created
-
Created Quiz Play Count
-
More By This Creator
Popular Quizzes Today
1
Find the US States - No Outlines Minefield
2
Find the Countries of Europe - No Outlines Minefield
3
The Countries of the World
4
Find the US States
5
Risky Map Clicking: Biggest States A-Z
6
US States
7
Popular People in 1961
8
Movies - When Are They Set?
More Television Quizzes
Any Word A-Z: Friends Episodes
Curator's Pick
Trending Quizzes
Risky Map Clicking: Least Populous States A-Z
1-10 Letter G Words
1-10 Letter F Words
Risky Map Clicking: Next State Alphabetically
Click the Washington State Counties! (Map)
Recently Updated
Leaping Animals
pecheneg
Reality TV Shows (A-Z)
bhenderson79
Rickey Henderson's Hall of Fame Teammates
pecheneg
Champions League XIs: Arsenal
pecheneg
Quick Pick: Celebrities in WWE's Hall of Fame
aduchscher
A-Z Keypad Blitz II
pecheneg
Multiple Oscar Actors
pecheneg
Mystery Phrase Blitz: Oscar 'Best Actors'
pecheneg
F. Scott Fitzgerald Novels
LTH
Pick 3 Villains
ddd62291
Trending Topics
Anime
NBA
Marvel
Harry Potter
Crossword
Kpop
Disney
Soccer
NFL
Puzzle
The Office
Country
WWE
Song
Pokémon
Your Account Isn't Verified!
In order to create a playlist on Sporcle, you need to verify the email address you used during registration. Go to your
Sporcle Settings
to finish the process.
Report this User
Report this user for behavior that violates our
Community Guidelines
.
Details:
Send Report
Go to the Sporcle.com Mobile Site →
Comments